000 00305nam a22001337a 4500
020 _a81-85391-49-1
082 _a823
_bSTE/K
245 _aKIDNAPPED
_bSHORT STORY
246 _aKIDNAPPED
_bSHORT STORY
260 _aDELHI
_bROHAN BOOK COMPANY
300 _a200
520 _aCHILDRENS SHORT STORY
942 _cBK
999 _c382
_d382